[Event "CAN-ch U1900"]
[Site "Kingston CAN"]
[Date "2019.04.22"]
[Round "8.36"]
[White "Stopic, Alexander"]
[Black "Masse-Garneau, Anthony"]
[Result "1-0"]
[WhiteElo "1689"]
[BlackElo "1742"]
[PlyCount "95"]
[EventDate "2019.04.18"]
[EventType "swiss"]
[EventRounds "9"]
[EventCountry "CAN"]

1. c4 c5 2. g3 Nc6 3. Bg2 Nf6 4. Nc3 g6 5. Nf3 Bg7 6. O-O O-O 7. e3 e5 8. d4
cxd4 9. exd4 exd4 10. Nxd4 a6 11. Be3 Qc7 12. Rc1 Nxd4 13. Qxd4 Nh5 14. Qd3 d6
15. Nd5 Qa5 16. b4 Qd8 17. Bd4 Bxd4 18. Qxd4 Be6 19. Rfd1 Rb8 20. g4 Ng7 21.
Nf6+ Kh8 22. Qf4 g5 23. Qd4 b5 24. Nh5 Rg8 25. Bd5 Bxd5 26. Qxd5 Nxh5 27. gxh5
Qf6 28. Qxd6 Qxd6 29. Rxd6 bxc4 30. Rxc4 Ra8 31. Rc7 Kg7 32. h6+ Kh8 33. Rxf7
Rgc8 34. Re6 Re8 35. Rxe8+ Rxe8 36. Ra7 Kg8 37. Rxa6 Rb8 38. a3 Kf7 39. Kg2 Ke7
40. Kg3 Rd8 41. b5 Rd3+ 42. f3 Rb3 43. a4 Rb4 44. h3 Kd8 45. Ra7 Kc8 46. Rxh7
Rxa4 47. Rg7 Rh4 48. h7 1-0

[Event "CAN-ch U1900"]
[Site "Kingston CAN"]
[Date "2019.04.22"]
[Round "8.37"]
[White "Page, Dany"]
[Black "Frangakis, Evan"]
[Result "1-0"]
[WhiteElo "1740"]
[BlackElo "1547"]
[PlyCount "131"]
[EventDate "2019.04.18"]
[EventType "swiss"]
[EventRounds "9"]
[EventCountry "CAN"]

1. e4 c6 2. Nf3 d5 3. Nc3 dxe4 4. Nxe4 Bf5 5. Ng3 Bg4 6. Bc4 e6 7. h3 Bxf3 8.
Qxf3 Nf6 9. c3 Nbd7 10. Bb3 Bd6 11. d4 Qc7 12. Ne2 O-O 13. Bg5 c5 14. Rd1 Rfe8
15. Ba4 c4 16. Bxf6 gxf6 17. Bxd7 Qxd7 18. Qxf6 Qb5 19. Rd2 Be7 20. Qf3 Bg5 21.
Qg3 Kh8 22. f4 Bf6 23. O-O Rg8 24. Qf3 Rad8 25. Ng3 Bh4 26. Ne4 f5 27. Qh5 Qd5
28. Qxh4 Qxe4 29. Qe1 Qd5 30. Rff2 Rg3 31. Qe5+ Qxe5 32. dxe5 Rxd2 33. Rxd2 Rd3
34. Rc2 h5 35. Kf2 h4 36. Ke1 Rd7 37. Rd2 Re7 38. Rd6 Kg7 39. Ke2 Kf7 40. Ke3
Rc7 41. Rd8 a5 42. Rh8 Kg7 43. Rxh4 Rc5 44. Kd2 Rb5 45. Kc2 Rd5 46. b3 b5 47.
g4 a4 48. gxf5 exf5 49. bxa4 bxa4 50. Kb2 Rd3 51. Rh5 a3+ 52. Kxa3 Rxc3+ 53.
Kb2 Rd3 54. Rxf5 Rxh3 55. e6 Re3 56. Rf7+ Kg8 57. f5 Re2+ 58. Kc3 Rxa2 59. Kxc4
Rd2 60. f6 Re2 61. Kd5 Re1 62. Kd6 Re2 63. Ke7 Re1 64. Rg7+ Kh8 65. Rg2 Ra1 66.
Rh2+ 1-0

[Event "CAN-ch U1900"]
[Site "Kingston CAN"]
[Date "2019.04.22"]
[Round "8.38"]
[White "Durhan, Batuhan"]
[Black "Dickaon, Kirk Johannes"]
[Result "0-1"]
[WhiteElo "1661"]
[BlackElo "1682"]
[PlyCount "52"]
[EventDate "2019.04.18"]
[EventType "swiss"]
[EventRounds "9"]
[EventCountry "CAN"]

1. e4 d5 2. exd5 Nf6 3. Nc3 Nxd5 4. Nxd5 Qxd5 5. Nf3 Bg4 6. Be2 Nc6 7. d3 e6 8.
Be3 Bd6 9. O-O h5 10. Qd2 h4 11. h3 Bxf3 12. Bxf3 Qe5 13. g3 hxg3 14. fxg3 Rxh3
15. Bf4 Qc5+ 16. Rf2 Rxg3+ 17. Bxg3 Bxg3 18. Bxc6+ bxc6 19. Raf1 Bxf2+ 20. Rxf2
Ke7 21. Qf4 f5 22. Qxc7+ Kf6 23. d4 Qd5 24. c3 Qe4 25. Rg2 Qe1+ 26. Kh2 Rh8#
0-1

[Event "CAN-ch U1900"]
[Site "Kingston CAN"]
[Date "2019.04.22"]
[Round "9.26"]
[White "Dong, Yiwei"]
[Black "Bond, Hal"]
[Result "1-0"]
[WhiteElo "1595"]
[BlackElo "1644"]
[PlyCount "70"]
[EventDate "2019.04.18"]
[EventType "swiss"]
[EventRounds "9"]
[EventCountry "CAN"]

1. d4 Nf6 2. Nf3 g6 3. Bf4 Bg7 4. Nbd2 d6 5. e4 Nbd7 6. Bc4 O-O 7. Qe2 c5 8. c3
cxd4 9. cxd4 Nb6 10. Bb3 Bg4 11. O-O Rc8 12. Rac1 Qd7 13. h3 Bxf3 14. Nxf3 Rxc1
15. Rxc1 Rc8 16. Rc3 Rxc3 17. bxc3 Qc6 18. Ng5 e6 19. c4 d5 20. cxd5 exd5 21.
e5 Ne4 22. Nxe4 dxe4 23. f3 exf3 24. gxf3 Nd5 25. Be3 Nxe3 26. Qxe3 Bf8 27. Qf4
Qe8 28. h4 h5 29. Qe4 Qc6 30. Qf4 Qc7 31. Qg5 Qe7 32. Qxg6+ Bg7 33. Qxh5 Qd7
34. Kg2 Qxd4 35. Qxf7+ Kh8 1-0

[Event "CAN-ch U1900"]
[Site "Kingston CAN"]
[Date "2019.04.22"]
[Round "9.27"]
[White "Hua, Michelle"]
[Black "Sharma, Vishruth"]
[Result "1/2-1/2"]
[WhiteElo "1815"]
[BlackElo "1745"]
[PlyCount "78"]
[EventDate "2019.04.18"]
[EventType "swiss"]
[EventRounds "9"]
[EventCountry "CAN"]

1. c4 Nf6 2. g3 c6 3. Bg2 d5 4. cxd5 cxd5 5. Nf3 Bf5 6. O-O e6 7. d4 Bd6 8. Nc3
O-O 9. Nb5 Be7 10. Bf4 Nc6 11. Nc3 Rc8 12. Nh4 Bg4 13. f3 Bh5 14. g4 Bg6 15.
Nxg6 hxg6 16. Be3 Qb6 17. Rb1 Na5 18. Bf2 Rc4 19. Qd3 Rfc8 20. e3 Qc6 21. Be1
b6 22. Bd2 Nb7 23. Rfc1 Qd7 24. b3 R4c6 25. Kh1 Ba3 26. Rc2 Nd6 27. Bc1 Bxc1
28. Rbxc1 Qc7 29. Bf1 Qb7 30. Qd2 b5 31. Bd3 a6 32. Ne2 Rxc2 33. Rxc2 Kf8 34.
Nc1 Rxc2 35. Qxc2 Qc8 36. Qxc8+ Nxc8 37. Bc2 Ke7 38. Nd3 Nd7 39. Kg1 Kd6
1/2-1/2

[Event "CAN-ch U1900"]
[Site "Kingston CAN"]
[Date "2019.04.22"]
[Round "9.28"]
[White "Ramesh, Sanjay"]
[Black "Hsu, Ted"]
[Result "1-0"]
[WhiteElo "1777"]
[BlackElo "1732"]
[PlyCount "49"]
[EventDate "2019.04.18"]
[EventType "swiss"]
[EventRounds "9"]
[EventCountry "CAN"]

1. d4 d5 2. c4 c6 3. Nc3 Nf6 4. Nf3 dxc4 5. a4 Bf5 6. e3 e6 7. Bxc4 Bb4 8. Bd2
Nbd7 9. O-O O-O 10. Nh4 Bd6 11. Nxf5 exf5 12. Bd3 g6 13. h3 Re8 14. Qb3 Qb6 15.
Bc4 Qxb3 16. Bxb3 Rac8 17. Rac1 Ne4 18. Nxe4 fxe4 19. f3 exf3 20. Rxf3 Re7 21.
Rcf1 Rf8 22. e4 Kg7 23. e5 Bc7 24. Bg5 f6 25. Bxf6+ 1-0

[Event "CAN-ch U1900"]
[Site "Kingston CAN"]
[Date "2019.04.22"]
[Round "9.29"]
[White "Phillips, Brian"]
[Black "Xiao, Edward"]
[Result "0-1"]
[WhiteElo "1654"]
[BlackElo "1572"]
[PlyCount "102"]
[EventDate "2019.04.18"]
[EventType "swiss"]
[EventRounds "9"]
[EventCountry "CAN"]

1. e4 c5 2. Nc3 Nc6 3. f4 g6 4. Nf3 d6 5. Bb5 Bd7 6. Bxc6 Bxc6 7. d3 Bg7 8. O-O
e6 9. Qe1 Ne7 10. Kh1 d5 11. exd5 Bxd5 12. Ne4 Qb6 13. Ne5 Nf5 14. c3 Nd6 15.
Nxd6+ Qxd6 16. Qf2 O-O 17. Be3 b6 18. d4 cxd4 19. Bxd4 Rad8 20. Qh4 a6 21. b3
b5 22. Rae1 b4 23. Rd1 bxc3 24. Bxc3 Rc8 25. Nc4 Qc6 26. Rxd5 exd5 27. Bxg7
Kxg7 28. Ne5 Qc1 29. Kg1 Qe3+ 30. Qf2 Qxf2+ 31. Rxf2 Rc1+ 32. Rf1 Rxf1+ 33.
Kxf1 Rc8 34. Nd3 a5 35. b4 Rc3 36. Ke2 axb4 37. Nxb4 Rc4 38. Nxd5 Rc2+ 39. Kf3
Rxa2 40. h3 Ra5 41. Nb4 Kf6 42. Nc6 Ra3+ 43. Kg4 h5+ 44. Kh4 Kg7 45. g4 Rf3 46.
gxh5 Rxf4+ 47. Kg5 Rf5+ 48. Kg4 Rxh5 49. Ne7 Kf6 50. Nc6 Rc5 51. Nd8 Rc7 0-1

[Event "CAN-ch U1900"]
[Site "Kingston CAN"]
[Date "2019.04.22"]
[Round "9.30"]
[White "Lesage, Pierre"]
[Black "Groot-Lipman, Jeff"]
[Result "1/2-1/2"]
[WhiteElo "1676"]
[BlackElo "1848"]
[PlyCount "86"]
[EventDate "2019.04.18"]
[EventType "swiss"]
[EventRounds "9"]
[EventCountry "CAN"]

1. Nf3 e6 2. g3 f5 3. Bg2 Nf6 4. c4 Be7 5. O-O O-O 6. Nc3 d6 7. d3 a5 8. a3 e5
9. e3 Na6 10. b4 axb4 11. axb4 Rb8 12. b5 Nc5 13. Ba3 b6 14. Bxc5 bxc5 15. Nd2
Bb7 16. Bxb7 Rxb7 17. Qf3 Qc8 18. Nd5 Nxd5 19. Qxd5+ Kh8 20. Ra6 f4 21. exf4
exf4 22. Rfa1 fxg3 23. hxg3 Bf6 24. Rf1 Rb8 25. Ne4 Be5 26. Kg2 Qf5 27. f3 h6
28. Qc6 Rbe8 29. Qxc7 d5 30. Nd6 Bxd6 31. Qxd6 Re2+ 32. Kg1 Rfe8 33. g4 Qxd3
34. Qxc5 Re1 35. Rxe1 Rxe1+ 36. Kg2 Qd2+ 37. Kg3 Re8 38. cxd5 Qe1+ 39. Qf2 Qe5+
40. Kg2 Qxd5 41. b6 Qb5 42. Ra2 Rb8 43. Rb2 Qc6 1/2-1/2

[Event "CAN-ch U1900"]
[Site "Kingston CAN"]
[Date "2019.04.22"]
[Round "9.31"]
[White "Kuryliw, Ray"]
[Black "Dupont-Mageau, Nicolas"]
[Result "0-1"]
[WhiteElo "1885"]
[BlackElo "1459"]
[PlyCount "100"]
[EventDate "2019.04.18"]
[EventType "swiss"]
[EventRounds "9"]
[EventCountry "CAN"]

1. f4 g6 2. Nf3 Bg7 3. e3 d6 4. Nc3 c5 5. Bb5+ Bd7 6. Qe2 a6 7. Bxd7+ Qxd7 8.
d3 e6 9. e4 Ne7 10. O-O Nbc6 11. Nd1 O-O 12. c3 b5 13. Ne3 Rab8 14. Rb1 a5 15.
Bd2 b4 16. c4 Rb7 17. Kh1 Rfb8 18. g4 a4 19. h4 a3 20. b3 Nd4 21. Nxd4 Bxd4 22.
h5 Rf8 23. Qg2 Kh8 24. Rf3 gxh5 25. gxh5 Rg8 26. Qh2 h6 27. Rbf1 Nc6 28. Ng2
Kh7 29. Be3 Rbb8 30. Bxd4 Nxd4 31. R3f2 Rg7 32. Nh4 Rbg8 33. Rg2 Rxg2 34. Nxg2
Ne2 35. Rf3 f6 36. Ne3 Rg1+ 37. Qxg1 Nxg1 38. Kxg1 Qg7+ 39. Kh2 f5 40. Rg3 Qb2+
41. Kh3 fxe4 42. dxe4 Qxa2 43. f5 exf5 44. Nd5 Qb2 45. exf5 a2 46. f6 a1=Q 47.
Rg7+ Kh8 48. Rg6 Qh1+ 49. Kg4 Qbg2+ 50. Kf5 Qhh3+ 0-1

[Event "CAN-ch U1900"]
[Site "Kingston CAN"]
[Date "2019.04.22"]
[Round "9.32"]
[White "Balasooriya, Randika"]
[Black "Xie, Austin"]
[Result "1/2-1/2"]
[WhiteElo "1828"]
[BlackElo "1750"]
[PlyCount "76"]
[EventDate "2019.04.18"]
[EventType "swiss"]
[EventRounds "9"]
[EventCountry "CAN"]

1. e4 e6 2. d4 d5 3. exd5 exd5 4. Bd3 Bd6 5. Ne2 Nf6 6. Bf4 O-O 7. O-O Bg4 8.
f3 Bh5 9. Qd2 Bg6 10. Nbc3 c6 11. Bg3 Bxg3 12. Nxg3 Nbd7 13. Nce2 Qc7 14. Nf5
Rfe8 15. Neg3 Nf8 16. Rfe1 Ne6 17. c3 c5 18. Bb5 Red8 19. Re5 a6 20. Bf1 c4 21.
Nh4 b5 22. Rae1 Qb6 23. Ne2 a5 24. Nf4 Nxf4 25. Qxf4 b4 26. Nxg6 hxg6 27. Qd2
Re8 28. g3 Rxe5 29. Rxe5 Re8 30. f4 Rxe5 31. fxe5 Ne4 32. Qc2 f6 33. exf6 gxf6
34. Bxc4 Nxc3 35. Qxg6+ Kf8 36. Qh6+ Kg8 37. Qg6+ Kf8 38. Qh6+ Kg8 1/2-1/2

[Event "CAN-ch U1900"]
[Site "Kingston CAN"]
[Date "2019.04.22"]
[Round "9.33"]
[White "Landstrom, William"]
[Black "Stopic, Alexander"]
[Result "1-0"]
[WhiteElo "1583"]
[BlackElo "1689"]
[PlyCount "57"]
[EventDate "2019.04.18"]
[EventType "swiss"]
[EventRounds "9"]
[EventCountry "CAN"]

1. e4 c6 2. d4 d5 3. e5 c5 4. dxc5 Nc6 5. Nf3 Bg4 6. Bb5 Qa5+ 7. Nc3 e6 8. a3
Bxc5 9. Bd2 Qb6 10. O-O Nge7 11. Qe2 O-O 12. Qe1 Bxf3 13. Bxc6 bxc6 14. gxf3
Qxb2 15. Na4 Qxc2 16. Nxc5 Qxc5 17. Bb4 Qb6 18. Bxe7 Rfe8 19. Bd6 c5 20. Kh1 g6
21. Rg1 c4 22. Rb1 Qd4 23. Qe3 Qh4 24. Rg4 Qh3 25. Qf4 Rac8 26. Rb7 f5 27. exf6
Rf8 28. f7+ Kg7 29. Be5# 1-0

[Event "CAN-ch U1900"]
[Site "Kingston CAN"]
[Date "2019.04.22"]
[Round "9.34"]
[White "Krolczyk, Jacob"]
[Black "Samuel, Victor"]
[Result "1/2-1/2"]
[WhiteElo "1783"]
[BlackElo "1632"]
[PlyCount "43"]
[EventDate "2019.04.18"]
[EventType "swiss"]
[EventRounds "9"]
[EventCountry "CAN"]

1. b3 e5 2. Bb2 Nc6 3. e3 d5 4. Bb5 Bd6 5. Nf3 f6 6. d3 a6 7. Bxc6+ bxc6 8.
Nbd2 Bg4 9. h3 Bh5 10. g4 Bf7 11. Qe2 Ne7 12. Nh4 g5 13. Ng2 h5 14. O-O-O h4
15. f4 Ng6 16. fxg5 fxg5 17. Rhf1 Qe7 18. Kb1 O-O 19. Rf2 Be6 20. Rdf1 Rxf2 21.
Rxf2 Rf8 22. Rxf8+ 1/2-1/2

[Event "CAN-ch U1900"]
[Site "Kingston CAN"]
[Date "2019.04.22"]
[Round "9.35"]
[White "Dickson, Raymond"]
[Black "Perkins, Simon"]
[Result "1-0"]
[WhiteElo "1594"]
[BlackElo "1753"]
[PlyCount "23"]
[EventDate "2019.04.18"]
[EventType "swiss"]
[EventRounds "9"]
[EventCountry "CAN"]

1. d4 d5 2. e3 Nf6 3. f4 e6 4. Bd3 c5 5. c3 Nc6 6. Nf3 Be7 7. Nbd2 b6 8. O-O
O-O 9. Ne5 Bb7 10. Rf3 Rc8 11. Rh3 cxd4 12. Bxh7+ 1-0

[Event "CAN-ch U1900"]
[Site "Kingston CAN"]
[Date "2019.04.22"]
[Round "9.36"]
[White "Srinivas, Atharva"]
[Black "Dickaon, Kirk Johannes"]
[Result "1-0"]
[WhiteElo "1683"]
[BlackElo "1682"]
[PlyCount "31"]
[EventDate "2019.04.18"]
[EventType "swiss"]
[EventRounds "9"]
[EventCountry "CAN"]

1. e4 d5 2. exd5 Nf6 3. d3 Qxd5 4. Nc3 Qa5 5. Nf3 Bg4 6. g3 c6 7. Bg2 Nbd7 8.
Qe2 e6 9. Bd2 Qc7 10. Be3 Bb4 11. Bd2 Nd5 12. Nxd5 Bxd2+ 13. Nxd2 cxd5 14. Qxg4
Qxc2 15. Qxg7 Rf8 16. Qc3 1-0

[Event "CAN-ch U1900"]
[Site "Kingston CAN"]
[Date "2019.04.22"]
[Round "9.37"]
[White "Laurin, Marcel"]
[Black "Page, Dany"]
[Result "0-1"]
[WhiteElo "1680"]
[BlackElo "1740"]
[PlyCount "96"]
[EventDate "2019.04.18"]
[EventType "swiss"]
[EventRounds "9"]
[EventCountry "CAN"]

1. d4 Nf6 2. c4 c5 3. d5 e6 4. Nc3 exd5 5. cxd5 d6 6. e4 g6 7. Bg5 Bg7 8. Nf3
h6 9. Bh4 Nbd7 10. Bb5 O-O 11. O-O Re8 12. Re1 a6 13. Bxd7 Qxd7 14. h3 Nh5 15.
Nd2 b5 16. Nf1 c4 17. Qd2 b4 18. Nd1 a5 19. g4 Nf6 20. Bxf6 Bxf6 21. Qxh6 Qe7
22. Qe3 Kg7 23. f4 Bh4 24. Re2 Ba6 25. Qd4+ Bf6 26. Qe3 c3 27. g5 Bxg5 28. fxg5
Bxe2 29. Qxe2 Qxg5+ 30. Qg2 cxb2 31. Nxb2 Qxg2+ 32. Kxg2 Rxe4 33. Rc1 Re2+ 34.
Kf3 Rxb2 35. Rc6 Rd8 36. Ne3 Rxa2 37. Nc4 b3 38. Rb6 a4 39. Ke4 Rc2 40. Kd3 Rh2
41. Kc3 Rxh3+ 42. Kb2 Rh2+ 43. Kc3 Rc8 44. Rc6 Rc2+ 45. Kb4 Rxc4+ 46. Rxc4
Rxc4+ 47. Kxc4 b2 48. Kc3 b1=Q 0-1

[Event "CAN-ch U1900"]
[Site "Kingston CAN"]
[Date "2019.04.22"]
[Round "9.38"]
[White "Frangakis, Evan"]
[Black "Masse-Garneau, Anthony"]
[Result "1-0"]
[WhiteElo "1547"]
[BlackElo "1742"]
[PlyCount "65"]
[EventDate "2019.04.18"]
[EventType "swiss"]
[EventRounds "9"]
[EventCountry "CAN"]

1. d4 Nf6 2. Nf3 d5 3. c4 c6 4. Qb3 e6 5. Nc3 dxc4 6. Qxc4 b5 7. Qb3 a5 8. a3
Bb7 9. g3 Nbd7 10. Bg2 Rc8 11. O-O Qb6 12. e4 b4 13. axb4 Bxb4 14. Be3 Bxc3 15.
Qxc3 Nxe4 16. Qxa5 Nd6 17. Qxb6 Nxb6 18. Bf4 Nb5 19. Ne5 O-O 20. Be3 Rfd8 21.
Rfd1 Nd5 22. Rdc1 f6 23. Nd3 Nxe3 24. fxe3 e5 25. Nc5 Ba8 26. Bh3 Rb8 27. Be6+
Kh8 28. dxe5 fxe5 29. Nd7 Rb7 30. Nxe5 Re8 31. Nf7+ Kg8 32. Nd6+ Kf8 33. Nxe8
1-0

[Event "CAN-ch U20"]
[Site "Toronto CAN"]
[Date "2019.08.08"]
[Round "1.2"]
[White "Zhao, Harry"]
[Black "Hua, Eugene"]
[Result "1-0"]
[WhiteElo "2159"]
[BlackElo "2415"]
[PlyCount "53"]
[EventDate "2019.08.08"]
[EventType "swiss"]
[EventRounds "8"]
[EventCountry "CAN"]

1. d4 Nf6 2. Nf3 d5 3. c4 e6 4. e3 Be7 5. Nbd2 b6 6. Qc2 Bb7 7. Bd3 c5 8. dxc5
bxc5 9. cxd5 exd5 10. O-O Nc6 11. a3 c4 12. Be2 O-O 13. e4 Ne5 14. exd5 Bxd5
15. Nxc4 Nxc4 16. Bxc4 Bxf3 17. gxf3 Rc8 18. Be3 Qc7 19. Rac1 Qe5 20. Rfd1 Kh8
21. Qb3 Qf5 22. Be2 Rxc1 23. Rxc1 Nh5 24. Qb5 Qg6+ 25. Kh1 f5 26. Qd7 Qf6 27.
f4 1-0

[Event "CAN-ch U20"]
[Site "Toronto CAN"]
[Date "2019.08.08"]
[Round "1.3"]
[White "Rodrigue-Lemieux, Shawn"]
[Black "Gao, Raymond"]
[Result "1-0"]
[WhiteElo "2331"]
[BlackElo "2154"]
[PlyCount "147"]
[EventDate "2019.08.08"]
[EventType "swiss"]
[EventRounds "8"]
[EventCountry "CAN"]

1. c3 Nf6 2. d4 g6 3. Nf3 Bg7 4. Bg5 O-O 5. Nbd2 d6 6. e4 Nbd7 7. Bc4 c6 8. Bb3
Qc7 9. O-O e5 10. Re1 h6 11. Bh4 Nh5 12. a4 Nf4 13. a5 Nf6 14. Nc4 N6h5 15.
dxe5 dxe5 16. Qd6 Qxd6 17. Nxd6 g5 18. Bg3 Nxg3 19. hxg3 Nd3 20. Red1 Nc5 21.
Bc4 Ne6 22. Bxe6 Bxe6 23. Nxb7 Rab8 24. a6 Bc8 25. Na5 Rxb2 26. Nxc6 Rb6 27.
Ne7+ Kh7 28. Nxc8 Rxc8 29. Rd7 Rxc3 30. Rxf7 Kg6 31. Rxa7 Rc8 32. Rb7 Rxb7 33.
axb7 Rb8 34. Rb1 Kf6 35. Nd2 Ke7 36. Nc4 Kd7 37. Na5 Bf8 38. Rb6 Bd6 39. Nc4
Bc7 40. Rxh6 Rxb7 41. Kh2 Rb4 42. Ne3 Rxe4 43. Kh3 Ra4 44. Rg6 Bd8 45. Ng4 Ra5
46. Nh6 Ke8 47. Rg8+ Kd7 48. Nf7 Bf6 49. Nxg5 Ra2 50. Ne4 Be7 51. Rg6 Re2 52.
f3 Ra2 53. Rb6 Bd8 54. Nc5+ Kc8 55. Rc6+ Kb8 56. Re6 Re2 57. Rxe5 Rxe5 58. Nd7+
Kc7 59. Nxe5 Bf6 60. f4 Kd6 61. Kg4 Ke6 62. Nf3 Bc3 63. Ng5+ Ke7 64. Kf5 Bb2
65. Kg6 Kf8 66. g4 Kg8 67. f5 Ba3 68. f6 Bf8 69. f7+ Kh8 70. Ne6 Bg7 71. g5 Bf8
72. Kf6 Be7+ 73. Kxe7 Kh7 74. g4 1-0

[Event "CAN-ch U20"]
[Site "Toronto CAN"]
[Date "2019.08.08"]
[Round "1.4"]
[White "Zhao, Jeffrey R"]
[Black "Li, William"]
[Result "1/2-1/2"]
[WhiteElo "2131"]
[BlackElo "2292"]
[PlyCount "73"]
[EventDate "2019.08.08"]
[EventType "swiss"]
[EventRounds "8"]
[EventCountry "CAN"]

1. e4 c5 2. Nf3 e6 3. d4 cxd4 4. Nxd4 Nf6 5. Nc3 Nc6 6. Ndb5 d6 7. Bf4 e5 8.
Bg5 a6 9. Na3 b5 10. Nd5 Be7 11. Bxf6 Bxf6 12. c4 b4 13. Nc2 O-O 14. g3 Bg5 15.
h4 Bh6 16. Bh3 Be6 17. Kf1 a5 18. b3 Ne7 19. Nxe7+ Qxe7 20. Kg2 Ra6 21. Qe2 Qb7
22. Kh2 Bxh3 23. Kxh3 f5 24. exf5 Rxf5 25. Rhe1 Qf7 26. Kg2 d5 27. cxd5 Raf6
28. Rf1 Qxd5+ 29. Kg1 Rf3 30. Rad1 Qc5 31. Rd8+ Kf7 32. Rd7+ Ke8 33. Rd3 Rxd3
34. Qxd3 Kf7 35. Ne3 Bxe3 36. Qxe3 Qxe3 37. fxe3 1/2-1/2

[Event "CAN-ch U20"]
[Site "Toronto CAN"]
[Date "2019.08.08"]
[Round "1.5"]
[White "Demchenko, Svitlana"]
[Black "Huang, Youhe"]
[Result "0-1"]
[WhiteElo "2288"]
[BlackElo "2126"]
[PlyCount "54"]
[EventDate "2019.08.08"]
[EventType "swiss"]
[EventRounds "8"]
[EventCountry "CAN"]

1. d4 Nf6 2. c4 e5 3. d5 Bc5 4. e3 O-O 5. Nc3 a5 6. Bd3 d6 7. Nge2 c6 8. O-O
cxd5 9. cxd5 g6 10. h3 Ne8 11. e4 f5 12. exf5 gxf5 13. Ng3 Qh4 14. Kh2 e4 15.
Be2 Nf6 16. Be3 f4 17. Bxc5 f3 18. gxf3 Qxh3+ 19. Kg1 exf3 20. Bxf3 Ng4 21. Re1
Qh2+ 22. Kf1 dxc5 23. Nge4 b6 24. a4 Ra7 25. Bg2 Rg7 26. f3 Ne3+ 27. Rxe3 Rxg2
0-1

[Event "CAN-ch U20"]
[Site "Toronto CAN"]
[Date "2019.08.08"]
[Round "1.6"]
[White "Xu, Daniel"]
[Black "Xu, Jeffrey"]
[Result "0-1"]
[WhiteElo "2092"]
[BlackElo "2287"]
[PlyCount "48"]
[EventDate "2019.08.08"]
[EventType "swiss"]
[EventRounds "8"]
[EventCountry "CAN"]

1. d4 Nf6 2. c4 c5 3. d5 e5 4. Nc3 d6 5. e4 Be7 6. Nf3 O-O 7. Be2 Nbd7 8. O-O
Ne8 9. a3 g6 10. Nd2 Bg5 11. b4 f5 12. Rb1 b6 13. Bb2 Ndf6 14. Bd3 Bh6 15. Qe2
Nh5 16. g3 f4 17. Qd1 Bh3 18. Re1 Qf6 19. Qe2 Qg5 20. Nf3 Qg4 21. Nd2 f3 22.
Qd1 Bg2 23. Bf1 Bxd2 24. Bxg2 Bxe1 0-1

[Event "CAN-ch U20"]
[Site "Toronto CAN"]
[Date "2019.08.08"]
[Round "1.7"]
[White "Issani, Nameer"]
[Black "Ahmed, Syed Ibrahim"]
[Result "1-0"]
[WhiteElo "2257"]
[BlackElo "2085"]
[PlyCount "113"]
[EventDate "2019.08.08"]
[EventType "swiss"]
[EventRounds "8"]
[EventCountry "CAN"]

1. Nf3 Nf6 2. g3 d5 3. Bg2 c6 4. O-O Bg4 5. Ne5 Bf5 6. b3 Nbd7 7. Bb2 Nxe5 8.
Bxe5 Nd7 9. Bb2 e5 10. c4 Be6 11. cxd5 cxd5 12. f4 exf4 13. gxf4 Nf6 14. e3 Bc5
15. Nc3 Bf5 16. Rc1 Rc8 17. b4 Bb6 18. Na4 Rc6 19. Qb3 Ne4 20. Nxb6 Rxb6 21.
Rfd1 Rg6 22. d3 Nf6 23. Rd2 O-O 24. Bxf6 gxf6 25. Kh1 Qb6 26. Re1 Re8 27. d4
Be4 28. Bxe4 dxe4 29. f5 Rg5 30. Rf2 Qb5 31. a4 Qd7 32. Ref1 Kh8 33. Rf4 Reg8
34. Qc2 Qd5 35. Qxe4 Qa2 36. Qf3 Rg2 37. Rh4 Qc2 38. Rxh7+ Kxh7 39. Qh3+ Kg7
40. Qxg2+ Qxg2+ 41. Kxg2 Rc8 42. Kf3 Rc4 43. Rb1 Kh6 44. Rb2 Kg5 45. Ke4 Kg4
46. Kd3 Rc1 47. e4 Rg1 48. a5 Rd1+ 49. Rd2 Rb1 50. d5 Rc1 51. d6 Rc8 52. Kd4
Kf4 53. Rf2+ Kg4 54. Kd5 Rd8 55. Rg2+ Kf4 56. Rg7 Rd7 57. h4 1-0

[Event "CAN-ch U20"]
[Site "Toronto CAN"]
[Date "2019.08.08"]
[Round "1.8"]
[White "Ning, Eric"]
[Black "Zhang, Henry"]
[Result "1/2-1/2"]
[WhiteElo "2084"]
[BlackElo "2245"]
[PlyCount "96"]
[EventDate "2019.08.08"]
[EventType "swiss"]
[EventRounds "8"]
[EventCountry "CAN"]

1. d4 Nf6 2. c4 g6 3. Nc3 d5 4. cxd5 Nxd5 5. e4 Nxc3 6. bxc3 Bg7 7. Bc4 O-O 8.
Ne2 c5 9. O-O Nc6 10. Be3 Qc7 11. Rc1 Rd8 12. h3 Bd7 13. Qd2 Qa5 14. d5 Ne5 15.
Bb3 Bb5 16. c4 Qxd2 17. Bxd2 Be8 18. f4 Nd3 19. Rb1 b5 20. Bc3 a5 21. Bxg7 Kxg7
22. a3 Rab8 23. Ba2 bxc4 24. Nc3 Rxb1 25. Rxb1 Nxf4 26. Bxc4 e6 27. Rb7 exd5
28. exd5 Kf6 29. d6 Ke5 30. Nb5 Bxb5 31. Rxb5 Kd4 32. Bxf7 Rxd6 33. Rxa5 Rc6
34. Ra4+ c4 35. Kf2 Kd3 36. Rxc4 Rxc4 37. Bxc4+ Kxc4 38. Kf3 Nh5 39. Ke4 Ng3+
40. Ke5 Kb3 41. Kf6 Nh5+ 42. Kg5 Kxa3 43. g4 Ng3 44. Kh6 Kb4 45. Kxh7 g5 46.
Kg6 Ne4 47. Kf5 Nf2 48. Kxg5 Nxh3+ 1/2-1/2

[Event "CAN-ch U20"]
[Site "Toronto CAN"]
[Date "2019.08.08"]
[Round "1.9"]
[White "Tanaka, Tyler"]
[Black "Zheng, Kevin"]
[Result "1-0"]
[WhiteElo "2239"]
[BlackElo "2081"]
[PlyCount "79"]
[EventDate "2019.08.08"]
[EventType "swiss"]
[EventRounds "8"]
[EventCountry "CAN"]

1. e4 c5 2. Nf3 Nc6 3. Nc3 g6 4. d4 cxd4 5. Nxd4 Bg7 6. Be3 Nf6 7. Bc4 Qa5 8.
O-O O-O 9. Bb3 d6 10. h3 Bd7 11. Re1 Nxd4 12. Bxd4 Bc6 13. Nd5 Bxd5 14. exd5
Rfe8 15. Qf3 Nd7 16. Bxg7 Kxg7 17. c3 Ne5 18. Qe3 Rac8 19. f4 Nd7 20. Kh1 Nb6
21. Qd4+ Kg8 22. Re4 Qc5 23. Qd3 a6 24. Rae1 Kf8 25. f5 Nd7 26. Qd2 gxf5 27.
Qh6+ Kg8 28. R1e3 Kh8 29. Rh4 Nf6 30. Rxe7 Rxe7 31. Qxf6+ Kg8 32. Qxe7 Qf2 33.
Qg5+ Kf8 34. Rf4 Qe1+ 35. Kh2 Re8 36. Qxf5 Re7 37. Qxh7 Qe5 38. Qf5 Qe1 39. Qf6
Rd7 40. Rh4 1-0

[Event "CAN-ch U20"]
[Site "Toronto CAN"]
[Date "2019.08.08"]
[Round "1.11"]
[White "Rusonik, Max"]
[Black "Lazarev, Shon"]
[Result "1-0"]
[WhiteElo "2179"]
[BlackElo "1619"]
[PlyCount "121"]
[EventDate "2019.08.08"]
[EventType "swiss"]
[EventRounds "8"]
[EventCountry "CAN"]

1. e4 e5 2. Nf3 Nf6 3. Nxe5 d6 4. Nf3 Nxe4 5. c4 c6 6. Nc3 Nxc3 7. dxc3 Be7 8.
Bd3 O-O 9. O-O Bg4 10. Bc2 Bh5 11. Bf4 Na6 12. Qd2 Bxf3 13. Qd3 Be4 14. Qxe4 g6
15. Rad1 Re8 16. Qd4 Nc5 17. Bxd6 Qxd6 18. Qxd6 Bxd6 19. Rxd6 Re2 20. Rc1 Rae8
21. Kf1 Ne4 22. Kxe2 Nxd6+ 23. Kd3 Ne4 24. f3 Nc5+ 25. Kd2 Ne6 26. Re1 Kg7 27.
b4 Rd8+ 28. Ke3 c5 29. Be4 b6 30. Bd5 Kf6 31. Rd1 h5 32. f4 Re8 33. Kf3 Rd8 34.
h3 Rd6 35. g4 hxg4+ 36. hxg4 g5 37. fxg5+ Nxg5+ 38. Kf4 Kg6 39. Ke5 Rf6 40. a4
Nh3 41. Be4+ Kg5 42. Bf5 Rc6 43. Kd5 Rh6 44. bxc5 Nf4+ 45. Ke4 bxc5 46. Rd7 Ne2
47. Rxf7 Nxc3+ 48. Ke5 Nxa4 49. Rxa7 Nb6 50. Rg7+ Kh4 51. Be6 Rh8 52. Kd6 Na4
53. Ra7 Nc3 54. Kxc5 Ne4+ 55. Kd4 Ng5 56. Bf5 Nf3+ 57. Ke3 Ne5 58. Kf4 Nxg4 59.
Bxg4 Rf8+ 60. Bf5 Rh8 61. Ra1 1-0

[Event "CAN-ch U20"]
[Site "Toronto CAN"]
[Date "2019.08.08"]
[Round "2.1"]
[White "Kang, Dorian"]
[Black "Rodrigue-Lemieux, Shawn"]
[Result "0-1"]
[WhiteElo "2206"]
[BlackElo "2331"]
[PlyCount "84"]
[EventDate "2019.08.08"]
[EventType "swiss"]
[EventRounds "8"]
[EventCountry "CAN"]

1. e4 c6 2. d4 d5 3. exd5 cxd5 4. Bd3 Nc6 5. c3 Qc7 6. Ne2 Bg4 7. f3 Bd7 8. Bf4
e5 9. dxe5 Nxe5 10. O-O Bd6 11. Kh1 Ne7 12. Na3 a6 13. Nc2 Rc8 14. Ncd4 Nxd3
15. Bxd6 Nxb2 16. Bxc7 Nxd1 17. Bd6 Ne3 18. Rfe1 Nc4 19. Bb4 a5 20. Bxe7 Kxe7
21. Rab1 b6 22. Nf4+ Kd6 23. Rbd1 Rhe8 24. Rxe8 Rxe8 25. h4 g6 26. Nc2 Re5 27.
Kg1 Ba4 28. Rc1 Bxc2 29. Rxc2 Re1+ 30. Kf2 Ra1 31. Ke2 Rh1 32. Nh3 Rh2 33. Kd3
f6 34. Kd4 Rh1 35. Kd3 b5 36. Ke2 a4 37. Kf2 Ra1 38. Nf4 a3 39. Nd3 Rb1 40. Nb4
d4 41. Nd3 Rb2 42. Ne1 d3 0-1